La antigua Roma: valores para el éxito empresarial

Guardat en:
Dades bibliogràfiques
Autor principal: Ortega Parra, Antonio (autor)
Altres autors: Garrigues Walker, Antonio (prólogo), Pin Arboledas, José Ramón (prólogo)
Format: Llibre
Idioma:espanyol
Publicat: Madrid Pearson Educación 2006
Matèries:
Etiquetes: Afegir etiqueta
Sense etiquetes, Sigues el primer a etiquetar aquest registre!

MARC

LEADER 00000nam a2200000 a 4500
001 UCI8751
003 CL-VaPUC
005 20240605162928.0
008 080925e20060000SP |||||||||||||||||spa|d
999 |c 331545  |d 331543 
020 |a 8489660425 
040 |c Pontificia Universidad Católica de Valparaíso 
082 0 4 |a 650.1  |b ORT  |2 21 
100 |a Ortega Parra, Antonio  |e autor  |9 532349 
245 1 3 |a La antigua Roma: valores para el éxito empresarial 
260 |a Madrid  |b Pearson Educación  |c 2006 
300 |a 153 p 
583 |a last modification  |c 20080925 00:00:00  |k Rodrigo Vera 
650 0 |a Exito en los negocios   |9 271740 
650 0 |a Aptitud creadora   |x Negocios  |9 532350 
650 0 |a Administración de empresas   |9 260833 
700 |a Garrigues Walker, Antonio  |e prólogo  |9 878467 
700 |a Pin Arboledas, José Ramón   |e prólogo  |9 878468 
942 |c BK  |2 ddc 
945 |d 20080925 00:00:00  |a jtorresc 
952 |0 0  |1 0  |4 0  |6 650_100000000000000_ORT_2006  |7 0  |8 A  |9 418289  |a BIBING  |b BIBING  |d 2019-11-22  |i 4483294  |o 650.1 ORT 2006  |p 4483294  |r 2025-01-20  |w 2019-11-22  |y BK  |k CIC